000 00605nam a2200241Ia 4500
003 OSt
005 20221005123816.0
006 a|||||r|||| 00| 0
007 ta
008 221004b |||||||| |||| 00| 0 tam d
024 _a49680
037 _cTextual
040 _aCRL
_cCRL
_btam
041 _2tam
_atam
082 _aO31,3N211,2, K1;K5
100 _aJanaki Raman Au.
_9627511
245 0 _aMalar mangam
260 _c1965
300 _a611p.
_ccm.
650 _aTAMIL FICTION
942 _hO31,3N211,2, K1;K5
_cTEXL
_2cc
999 _c1048546
_d1048546